000 00710nam a22002057a 4500
010 _aB-181216
020 _a8186623442
_c750.00
035 _aB-181216
037 _aCen Lib/Ret
040 _aDPL
_bEN
082 _a637.1
_bMOD
110 _bIndia. National Institute of Industrial Research
_998314
245 _aModern technology of milk processing and dairy products
_cby National Institute of Industrial Research, India
250 _a2nd ed
260 _aNew Delhi
_bNational Institute of Industrial Research
_c2005
300 _a501p
_b24cm(Hb)
650 _a Dairy products.
_934044
650 _aDairy products -- India -- Directories.
_9112186
942 _2ddc
_cEN
_h637.1
_mMOD
999 _c136152
_d136152